000 00331nam a2200121Ia 4500
008 241028s9999 xx 000 0 und d
041 _aeng
082 _a658.8342 NEL
100 _aAmy Nelson
245 _aConsumer Behavior: Building Marketing Strategy
260 _bMurphy & Moore Publishing
_aUSA
_c2022
300 _a233;. P. 27 cm
999 _c42954
_d42954